[Event "Matinhos Caioba-ch"]
[Site "Matinhos"]
[Date "2015.08.28"]
[Round "1"]
[White "Correa, Jose Augusto"]
[Black "Mandetta, Joao Danilo"]
[Result "1/2-1/2"]
[WhiteElo "1892"]
[BlackElo "2303"]
[PlyCount "67"]
[EventDate "2015.08.28"]
[EventType "swiss"]
[EventRounds "6"]
[EventCountry "BRA"]
[SourceTitle "EXT 2016"]
[Source "ChessBase"]
[SourceDate "2015.10.08"]
[SourceVersion "1"]
[SourceVersionDate "2015.10.08"]
[SourceQuality "1"]

1. c4 c5 2. Nc3 g6 3. g3 Bg7 4. Bg2 Nc6 5. Nf3 e5 6. 0-0 d6 7. d3 Nge7 8. Rb1 0-0 9. a3 a5 10. Ne1 Be6 11. Nd5 Rb8 12. Qa4 b5 13. Nxe7+ Qxe7 14. cxb5 Nd4 15. e3 Bb3 16. Qxa5 Rxb5 17. Qa6 Ne2+ 18. Kh1 Rfb8 19. Bd2 Ba2 20. Rd1 Rxb2 21. Nf3 Bd5 22. d4 c4 23. dxe5 dxe5 24. Bb4 Qb7 25. Qxb7 Bxb7 26. Bd6 Rc8 27. Nxe5 Bxg2+ 28. Kxg2 c3 29. Nd3 Rb6 30. Bc5 Rb3 31. Rde1 Rd8 32. Rxe2 Rxd3 33. Bb4 Rb2 34. Rfe1 1/2-1/2

[Event "Sao Bernardo do Campo 4th"]
[Site "Sao Bernardo do Campo"]
[Date "2015.07.03"]
[Round "3"]
[White "Languidey, Simon Alejandro"]
[Black "Mandetta, Joao Danilo"]
[Result "1/2-1/2"]
[WhiteElo "2358"]
[BlackElo "2310"]
[PlyCount "24"]
[EventDate "2015.07.01"]
[EventType "tourn"]
[EventRounds "9"]
[EventCountry "BRA"]
[EventCategory "2"]
[SourceTitle "EXT 2016"]
[Source "ChessBase"]
[SourceDate "2015.10.08"]
[SourceVersion "1"]
[SourceVersionDate "2015.10.08"]
[SourceQuality "1"]

1. e4 c5 2. Nc3 g6 3. d3 Nc6 4. Be3 d6 5. g3 Bg7 6. Bg2 e5 7. Qd2 Be6 8. Nf3 f6 9. Nd5 Nge7 10. Nxe7 Qxe7 11. h4 h5 12. c4 a6 1/2-1/2

[Event "Republica Argentina 19th"]
[Site "Buenos Aires"]
[Date "2015.06.10"]
[Round "6"]
[White "Abarca Gonzalez, Nicolas"]
[Black "Mandetta, Joao Danilo"]
[Result "1-0"]
[WhiteElo "2336"]
[BlackElo "2268"]
[PlyCount "69"]
[EventDate "2015.06.04"]
[EventType "tourn"]
[EventRounds "9"]
[EventCountry "ARG"]
[EventCategory "4"]
[SourceTitle "EXT 2016"]
[Source "ChessBase"]
[SourceDate "2015.10.08"]
[SourceVersion "1"]
[SourceVersionDate "2015.10.08"]
[SourceQuality "1"]

1. e4 c5 2. Nf3 e6 3. d4 cxd4 4. Nxd4 Nc6 5. Nc3 d6 6. Be3 Nf6 7. f3 Be7 8. Qd2 0-0 9. 0-0-0 a6 10. g4 Nxd4 11. Bxd4 b5 12. g5 Nd7 13. h4 b4 14. Ne2 a5 15. f4 Bb7 16. Ng3 Qc7 17. Bd3 b3 18. axb3 a4 19. Qc3 Qb8 20. bxa4 Rxa4 21. Bb5 Ra1+ 22. Kd2 Rxd1+ 23. Rxd1 Rc8 24. Qb3 Nc5 25. Bxc5 dxc5 26. Ke3 Bd6 27. e5 Bxe5 28. fxe5 Qxe5+ 29. Kf2 Qf4+ 30. Kg1 Bd5 31. Qc3 Qxh4 32. Qe5 c4 33. Rd4 Qh3 34. Rxd5 exd5 35. Nf5 1-0